000 00583nam a22001817a 4500
999 _c12531
_d12531
008 190130b ||||| |||| 00| 0 eng d
020 _a971-542-291-8
082 _22001
_aDFil 899.211
_bP53
245 _aThe flood-angaki tale(Igorot)
_cDamiana Eugenio [Compiler and Editor]
260 _aQuezon City:
_bUP Press;
_c©2001
300 _aPage 233;
_c22.5 cm.
500 _aPhilippine folk literature: The myths
650 _aMythology
_935347
650 _aLegends
_935348
650 _aPhilippine folk literature (English)
_935349
650 _aFolklore
_935350
942 _2ddc
_cDFIL